000
00270nam a2200121Ia 4500
008
190216s9999||||xx |||||||||||||| ||und||
100
_a
Murali C
245
0
_a
Malayalam-Imberto Ecko
260
_b
Dc Books Kottayam
300
_a
99
650
_a
Malayalam
942
_c
BK
999
_c
27934
_d
27934